Teoretická elektrotechnika : Príklady z teórie elektrických obvodov /

Na minha lista:
Detalhes bibliográficos
Autor principal: Mayer, Imrich (Author)
Formato: Livro
Idioma:eslovaco
Publicado em: Bratislava : STU v Bratislave, 1980
Edição:1.vyd.
Tags: Adicionar Tag
Sem tags, seja o primeiro a adicionar uma tag!

MARC

LEADER 00000nam a22000003a 4500
001 stu7011
005 20150617225809.2
008 940804s1980----cs------------------slo-d
040 |a STU  |b slo 
041 0 |a slo 
044 |a cs 
100 1 |a Mayer, Imrich  |4 aut 
245 1 |a Teoretická elektrotechnika :  |b Príklady z teórie elektrických obvodov /  |c [aut.] Mayer,Imrich 
250 |a 1.vyd. 
260 |a Bratislava :  |b STU v Bratislave,  |c 1980 
300 |a 246 s 
996 |b 284EK08898  |c E*44725  |l EE0105  |s P  |a 0  |w stu7011_0031